Heat and thermodynamics / (Record no. 74694)
[ view plain ]
| 000 -LEADER | |
|---|---|
| fixed length control field | 00695nam a2200241 a 4500 |
| 001 - CONTROL NUMBER | |
| control field | 74694 |
| 003 - CONTROL NUMBER IDENTIFIER | |
| rucl marc code | BD-RjUL |
| 005 - DATE AND TIME OF LATEST TRANSACTION | |
| control field | 20211209082605.0 |
| 008 - FIXED-LENGTH DATA ELEMENTS--GENERAL INFORMATION | |
| fixed length control field | 181120s1968 b a|||| b||| 00| 0 eng d |
| 035 ## - SYSTEM CONTROL NUMBER | |
| System control number | (BD-RjUL) 74912 |
| 040 ## - CATALOGING SOURCE | |
| Original cataloging agency | BD-RjUL |
| Language of cataloging | eng |
| Transcribing agency | BD-RjUL |
| 041 ## - LANGUAGE CODE | |
| Language code of text/sound track or separate title | eng |
| 082 ## - DEWEY DECIMAL CLASSIFICATION NUMBER | |
| Edition number | 1st.ed. |
| Classification number | 536.7 |
| Author mark and year | PRH 1968 |
| 100 1# - MAIN ENTRY--PERSONAL NAME | |
| Relator code | Pramanik, Nasir Uddin |
| 245 10 - TITLE STATEMENT | |
| Title | Heat and thermodynamics / |
| Statement of responsibility, etc. | Nasir Uddin Pramanik , Abul Kalam |
| 260 ## - PUBLICATION, DISTRIBUTION, ETC. (IMPRINT) | |
| Place of publication, distribution, etc. | Dhaka : |
| Name of publisher, distributor, etc. | Mullick Brother, |
| Date of publication, distribution, etc. | 1968 |
| 300 ## - PHYSICAL DESCRIPTION | |
| Pagination | Pt. : |
| Illustrations | ill. ; |
| Size | 21 cm |
| 505 ## - FORMATTED CONTENTS NOTE | |
| Formatted contents note | Part. 1. Heat.--pt .2. Thermodynamics.-- |
| 650 ## - SUBJECT ADDED ENTRY--TOPICAL TERM | |
| Topical term or geographic name as entry element | Thermodynamics. |
| 9 (RLIN) | 225100 |
| Topical term or geographic name as entry element | Heat. |
| 9 (RLIN) | 225101 |
| 700 ## - ADDED ENTRY--PERSONAL NAME | |
| Personal name | Kalam, Abul |
| 942 ## - ADDED ENTRY ELEMENTS (KOHA) | |
| Source of classification or shelving scheme | Dewey Decimal Classification |
| Koha item type | Books |
| Lost status | Source of classification or shelving scheme | Damaged status | Not for loan | Collection code | Permanent Location | Current Location | Shelving location | Date acquired | Source of acquisition | Cost, normal purchase price | Total Checkouts | Full call number | Date last seen | Copy number | Koha item type |
|---|---|---|---|---|---|---|---|---|---|---|---|---|---|---|---|
| Dewey Decimal Classification | Not For Loan | Non-fiction | Central Library, University of Rajshahi | Central Library, University of Rajshahi | Reading Room | 30/06/1981 | Eureka book Agency, rajshahi | 25.00 | 536.7 PRH 1968 | 20/11/2018 | C-1 | Books | |||
| Dewey Decimal Classification | Non-fiction | Central Library, University of Rajshahi | Central Library, University of Rajshahi | 30/06/1981 | Eureka book Agency, rajshahi | 25.00 | 536.7 PRH 1968 | 01/12/2018 | C-2 | Books | |||||
| Dewey Decimal Classification | Non-fiction | Central Library, University of Rajshahi | Central Library, University of Rajshahi | 30/06/1981 | Eureka book Agency, rajshahi | 25.00 | 536.7 PRH 1968 | 01/12/2018 | C-3 | Books |